000
00222nam a22001097a 4500
041
_a
ENG
100
_a
Matha Te Payatha
245
_a
Matha Te Payatha
260
_a
Pune
_b
Pune
_c
2000
650
_a
Marhti
856
_u
Marhti
999
_c
605
_d
605